MDQL
is popping MORE tags! Check the
thread
!
Quizzes
Events
Quiz Creation
Community
Videos
Private Events
Remove Ads
Sign In
Join for FREE
Feedback
Dark Mode
Quiz Categories
Sports
Geography
Music
Movies
Television
Just For Fun
Miscellaneous
History
Literature
Language
Science
Gaming
Entertainment
Religion
Holiday
For Kids
Quiz Lab
Recent
Popular Today
Quiz Kudos Today
Editor Picks
Curator Picks
Quizzes by...
Day
Popularity
Type
Ratings
Length
Year
Community
Subscriptions
Recent Discussions
Orange Saloon
Badges
Playlists
Quests
Create
Leaderboards
Showdown
Live 5
Trivia Bingo
Activity
Puzzle Library
Sporcle Events
Private Events
Virtual Trivia
Globe League
Become a Host
Pub Owners
SporcleCon
Opinionation
Our Games
Videos
Blog
Mobile Apps
Partnerships
Remove Ads and Go Orange
Feedback
Science
Computer
Plants
Astronomy
Chemistry
Elements
Math
Animal
Physics
Anatomy
Biology
Geology
General Science
Science
Computer
Plants
Astronomy
Chemistry
Elements
Math
Animal
Physics
Anatomy
Biology
Geology
General Science
Random Quiz
Search Sporcle
×
Quiz Lab
Quiz Lab
Science
Acid
Type in answers that appear in a list
Type in answers that appear in a list
Classic
Best Score? Go Orange.
Acids and Alkalis for Ks3 Stats
Can you name the Acids and Alkalis for Ks3
By
Gooseuk
5m
18 Questions
799 Plays
799 Plays
799 Plays
Comments
Comments
Give Quiz Kudos
Give Quiz Kudos
-
- Ratings
hide this ad
Replay
Link that replays current quiz
Next Quiz
Link to next quiz in quiz playlist
You Got
0%
They Got
Avg Score
50%
Avg Friend Score
Upgrade to see
Score Distribution
Jump to the score distribution portion of the page
Score
0/18
Timer
05:00
0
Plays Today
Hint
Answer
% Correct
What range pH can acids be? Use a dash.
1-6
92.1%
What range pH can Alkalis be? Use a dash.
8-14
89.5%
Toothpaste is alkali, true or false?
True
72.4%
What is the pH for a neutral substance?
7
62.2%
In acid it goes:
red
62.1%
In alkali it goes:
blue
61.9%
What is the test called for acids or alkalis (beginning in L)?
Litmus
56.9%
Acids are more dangerous than alkalis -
is this true?
No
54.6%
What acid do you put on food?
vinegar
53.9%
Hint
Answer
% Correct
What is the acid in fruits called (like limes)
Citric Acid
52.6%
An acid and an alkali make a:
base
46.1%
What does the symbol for an irritant look like?
A x
40.2%
A base you use on your food is:
Sodium chloride
37.1%
In neutral it:
Stays the same
33.1%
The test for hydrogen makes a
squeaky pop
30.8%
What is the acid in fizzy drinks called?
Carbonic acid
27.4%
Ammonia is commonly used as a what at home?
Cleaner
25.7%
A test for hydrogen can be done with:
A lit splint
18.4%
Quiz Playlist
Details
Report
Send in Message
Add To Playlist
Classic:
Type in answers that appear in a list
Last Updated: Feb 16, 2017
Quiz Scoreboard
CHALLENGE
Sign Up to Join the Scoreboard
Show All
Scores
Hide
Comments
May contain spoilers
Recently Published
Find the 'City' Movie
by crazypaving
Movies
60s
5x2 Blitz: Bands
by SL_Kpop136
Music
30s
Colored Red Africa Blitz
by spor1
Geography
30s
More to Explore
Quiz From the Vault
Featured Blog Post
14 Easter Pick-up Lines to Find Eggs With
hide this ad
You Might Also Like...
Tags
Acid
alkali
Today's Top Quizzes in Science
Browse Science
hide this ad
Today's Top Quizzes in Acid
Browse Acid
Top Contributed Quizzes in Science
1
Windmill: Elements
2
17 TIMES TABLE
3
Glycolysis
4
Square Numbers Scrambled (1-50)
5
Astronomy Spelling Bee
6
'C' Flowers II
7
Vet Tech Pharmacology Drug Contraindications
8
Missing Vowel Minefield: Lanthanides
9
Sorting Squares: Animals by Continent
10
3-letter Elementary Words
Explore More
Trending Topics
Harry Potter
Anime
NBA
Crossword
Marvel
Kpop
Disney
Soccer
The Office
Country
WWE
Pokémon
NFL
Puzzle
Song
hide this ad
More By:
Gooseuk
Quiz
Plays
Rating
Category
Featured
Created
Acids and Alkalis for Ks3
799
5.00
Science
Oct 23, 2013
Go to Creator's Profile
Score Distribution
Quiz Creator Spotlight
Gooseuk
Follow
Send a Message
Quizzes Created
-
Created Quiz Play Count
-
More By This Creator
Popular Quizzes Today
1
Colored Red Africa Blitz
2
Find the 'City' Movie
3
Find the US States - No Outlines Minefield
4
5x2 Blitz: Bands
5
The Countries of the World
6
Find the US States
7
Find the Countries of Europe - No Outlines Minefield
8
US States
More Science Quizzes
Find the Helmet Animals
Quiz Lab
Trending Quizzes
Colored Red Europe Blitz I
Colored Red Africa Blitz II
Colored Red Europe Blitz II
Colored Red Africa Blitz III
Colored Red Europe Blitz III
Recently Updated
How Do You Spell That?
pecheneg
Godzilla Movies
pecheneg
Grab Bag: 4-10 Letters
pecheneg
2024 March Madness Bracket
pecheneg
Famous TV Couples
Peacemaker
Champions League XIs: Real Madrid
pecheneg
Largest US Cities 1790-2010
pecheneg
Rides in Walt Disney World
pecheneg
Most Oscar Losses (Acting)
pecheneg
Beyoncé Albums
pecheneg
Trending Topics
Marvel
Crossword
Disney
Anime
Kpop
Harry Potter
NBA
Soccer
Song
Country
The Office
WWE
Pokémon
Puzzle
NFL
Your Account Isn't Verified!
In order to create a playlist on Sporcle, you need to verify the email address you used during registration. Go to your
Sporcle Settings
to finish the process.
Report this User
Report this user for behavior that violates our
Community Guidelines
.
Details:
Send Report
Go to the Sporcle.com Mobile Site →
Comments